000 00588nam a22002417a 4500
003 OSt
008 230414b |||||||| |||| 00| 0 eng d
020 _a9781264268948
082 _a005.8 HAG
100 _aHARPER,Allen
245 _aGray Hat Hacking the Ethical Hacker's Handbook
250 _a6th Ed
260 _aNew Delhi
_bTMH
_c2022
300 _a670
650 _aGray Hat Hacking
700 _aLINN,Ryan
700 _aSIMS,Stephen
700 _aBAUCOM,Michael
700 _aFERNANDEZ,Daniel
700 _aTEJEDA,Huascar
700 _aFROST,Moses
942 _2ddc
_cREF
999 _c11963
_d11963